Statistics for US States Smaller Than Scotland

Click here to take the quiz!

General Stats

  • This quiz has been taken 37 times
  • The average score is 9 of 10

Answer Stats

Kilometres sqMiles sqState% Correct
2,486 sq km1,545 mi sqRhode Island
100%
15,475 sq km9,616 mi sqVermont
100%
8,921 sq km5,543 mi sqConnecticut
94%
4,006 sq km2,489 mi sqDelaware
92%
15,046 sq km9,349 mi sqNew Hampshire
92%
19,966 sq km12,406 mi sqMaryland
89%
16,985 sq km10,554 mi sqMassachusetts
89%
14,038 sq km8,723 mi sqNew Jersey
89%
38,994 sq km24,230 mi sqWest Virginia
89%
17,593 sq km10,932 mi sqHawaii
78%

Score Distribution

Percentile by Number Answered

Percent of People with Each Score

Your Score History

You have not taken this quiz